000 00516nam a22001812 4500
001 0000007333
005 20151217160112.0
008 080109s xx 000 0 eng d
020 _a9966466746 :
_cKES 155
040 _aKABU
_cKABU
100 1 _aMacGoye, Marjorie Oludhe.
_@0000148228
245 1 4 _aThe Black hand gang /
_cMarjorie Oludhe Macgoye.
260 _aNairobi :
_bE. A. E. P.,
_c1997.
300 _a57 p.
908 _a080109
950 _@1
999 _c14277
_d14277